De las condiciones humanas ; Francisco Ferrer Lerín
Descripción Física:
43 p. : il. ; 20 cm
Colección:
De trigo y voz provisto (Trimer) ; 11
MARC
| LEADER | 00000nam a2200000Ia 4500 | ||
|---|---|---|---|
| 001 | 17027 | ||
| 008 | 160829s9999 xx 000 0 cat d | ||
| 080 | |a L-2-63 | ||
| 100 | |a Ferrer Lerín, Francisco |9 23311 | ||
| 245 | |a De las condiciones humanas ; Francisco Ferrer Lerín | ||
| 260 | |a Barcelona : |b Trimer, DL 1964 | ||
| 300 | |a 43 p. : |b il. ; |c 20 cm | ||
| 490 | |a De trigo y voz provisto (Trimer) ; 11 | ||
| 901 | |a Arxiu | ||
| 942 | |n 1 | ||
| 952 | |0 0 |1 0 |4 0 |6 L263 |7 1 |9 42660 |a Arxiu |b Arxiu |d 2016-12-01 |l 0 |o L-2-63 |p 17027 |r 2016-12-01 00:00:00 |w 2016-12-01 |y ARXIU | ||
| 999 | |c 45166 |d 45166 | ||